000 00569nam a22001937a 4500
008 150701b xxu||||| |||| 00| 0 alb d
020 _a9789928120991
041 0 _aalb
080 _a811.18
100 _aShkurtaj, Gjovalin;
245 _aSi të shkruajmë shqip :
_cGjovalin Shkurtaj.
260 _aTiranë :
_bToena,
_c2012.
300 _a350 f. ;
_c23 cm.
650 0 _aGjuha shqipe
650 0 _aShkrimi akademik
650 0 _aDrejtshkrimi dhe shqiptimi
650 0 _aPërdorimi dhe pastërtia e gjuhës
942 _2udc
_cBK
999 _c1081
_d1081